Malay sayings
| Main Author: | |
|---|---|
| Format: | Book |
| Published: |
Singapore :
Graham Brash ,
1951
|
| Subjects: |
MARC
| LEADER | 00000cam a2200000 7i4500 | ||
|---|---|---|---|
| 001 | 0000003695 | ||
| 002 | 000003979 | ||
| 005 | .0 | ||
| 020 | |a 9971491540 | ||
| 090 | 0 | 0 | |a 398.8 |b BRO |
| 100 | 1 | |a Brown, C.C | |
| 245 | 1 | 0 | |a Malay sayings |c C.C.Brown |
| 260 | |a Singapore : |b Graham Brash , |c 1951 | ||
| 300 | |a 274p. ; |c 18cm. | ||
| 650 | 0 | 0 | |a Malay saying |
| 650 | 0 | 0 | |a Proverbs,Malay |
| 999 | |a 018312 |b BUKU |c MALAYSIANA |e PERPUSTAKAAN KOMUNITI PETALING JAYA | ||
| 999 | |a 037146 |b BUKU |c MALAYSIANA |e PERPUSTAKAAN KOMUNITI PETALING JAYA | ||